Assist Trophies in Super Smash Brothers - Statistics

General Stats
  • This quiz has been taken 165 times
    125 since last reset
  • The average score is 43 of 75
Answer Stats
Universe Answer % Correct
Sonic the Hedgehog Knuckles the Echidna
87%
Sonic the Hedgehog Shadow the Hedgehog
83%
Mario Waluigi
83%
Bomberman Bomberman
82%
Metroid Metroid
82%
Shovel Knight Shovel Knight
82%
Nintendogs Nintendog
80%
Starfy Starfy
80%
Fire Emblem Lyn
78%
Castlevania Alucard
77%
Golden Sun Isaac
77%
Earthbound Jeff
77%
Wario Ashley
75%
Pac-Man Ghosts
75%
ARMS Spring Man
75%
Star Fox Krystal
72%
Street Fighter Guile
68%
Sheriff Sheriff
68%
Star Fox Andross
67%
Excite Excitebikes
67%
Virtua Fighter Akira
65%
Devil World Devil
65%
Dillon's Rolling Western Dillon
65%
Donkey Kong Klaptrap
65%
Mega Man Zero
65%
Metal Gear Gray Fox
63%
Monster Hunter Rathalos
63%
Splatoon Squid Sisters
63%
Metroid Mother Brain
60%
Bayonetta Rodin
60%
F-Zero Samurai Goroh
60%
Fire Emblem Tiki
60%
Art Academy Vince
60%
Fire Emblem Black Knight
58%
Mario Hammer Bro.
58%
Punch-Out!! Little Mac
58%
Animal Crossing Mr. Resetti
58%
Earthbound Starman
58%
Mega Man Wily Capsule
58%
Xenoblade Riki
57%
The Legend of Zelda Skull Kid
57%
The Legend of Zelda Ghirahim
55%
Kid Icarus Phosphora
55%
Mario Chain Chomp
53%
Metroid Dark Samus
53%
Kirby Knuckle Joe
53%
Swapnote Nikki
53%
Kirby Chef Kawasaki
52%
Brain Age Dr. Kawashima
52%
Animal Crossing Isabelle
52%
Animal Crossing Kapp'n
52%
Sim City Dr. Wright
50%
The Legend of Zelda Moon
50%
Color TV-Game Color TV-Game 15
48%
Mario Lakitu & Spinies
48%
The Legend of Zelda Midna
47%
Kirby Nightmare
47%
The Mysterious Murasame Castle Takamaru
47%
Nintendo Badge Arcade Arcade Bunny
45%
Joy Mech Fight Sukapon
45%
The Legend of Zelda Tingle
45%
Wario Kat & Ana
43%
Mario Thwomp
43%
Mega Man Elec Man
42%
Jam with the Band Barbara
40%
Drill Dozer Jill
40%
Sin and Punishment Saki Amamiya
40%
Fatal Frame Yuri Kozukata
40%
Pikmin Burrowing Snagret
38%
Nintendo Wars Infantry & Tanks
38%
Kid Icarus Magnus
37%
Custom Robo Ray MK III
33%
Kaeru no Tame ni Kane wa Naru Sablé Prince
30%
Mario Flies & Hand
28%
Kururin Helirin
20%
No matching quizzes found
Score Distribution
Percent of People with Each Score
Percentile by Number Answered
Your Score History
You have not taken this quiz since the last reset